Top 100 Hip-Hop Songs of All-Time - Statistics

General Stats
  • This quiz has been taken 200 times
  • The average score is 12 of 100
Answer Stats
# Artist Answer % Correct
3 Grandmaster Flash and the Furious 5 The Message
53%
15 The Notorious B.I.G. Juicy
52%
2 The Sugarhill Gang Rapper's Delight
51%
20 Wu-Tang Clan C.R.E.A.M.
46%
4 2Pac Dear Mama
45%
19 N.W.A. Straight Outta Compton
42%
45 Eminem Stan
41%
27 Mobb Deep Shook Ones II
36%
94 Coolio Gangsta's Paradise
35%
41 OutKast Ms. Jackson
35%
14 Dr. Dre & Snoop Dogg Nuthin' But A 'G' Thang
34%
69 Snoop Dogg Gin and Juice
33%
9 Public Enemy Fight The Power
31%
76 LL Cool J Mama Said Knock You Out
31%
81 Ice Cube It Was A Good Day
30%
33 Warren G Regulate
30%
7 Nas The World Is Yours
29%
47 Salt-N-Pepa Push It
24%
43 Kanye West Jesus Walks
23%
48 Run-DMC & Aerosmith Walk This Way
20%
1 Common I Used To Love H.E.R.
19%
30 Mos Def Mathematics
19%
55 Naughty by Nature OPP
19%
21 dead prez Hip-Hop
17%
74 Nas New York State of Mind
17%
44 Slick Rick Children's Story
16%
17 A Tribe Called Quest ft. Busta Rhymes Scenario
16%
6 Pete Rock & CL Smooth They Reminisce Over You
15%
28 Big Daddy Kane Ain't No Half Steppin'
13%
84 The Luniz I Got 5 On It
13%
63 50 Cent Many Men (Wish Death)
13%
38 Craig Mack Flava In Ya Ear
12%
22 The Pharcyde Passin' Me By
12%
10 Afrika Bambataa Planet Rock
12%
77 Big Pun Still Not A Player
12%
26 Kurtis Blow The Breaks
12%
42 M.O.P. Ante Up
11%
53 A Tribe Called Quest Electric Relaxation
11%
11 2Pac Keep Ya Head Up
11%
72 Lupe Fiasco Kick, Push
11%
62 Souls of Mischief 93 'Til Infinity
10%
54 Nas One Mic
10%
70 DJ Jazzy Jeff & Fresh Prince Parents Just Don't Understand
10%
80 Wu-Tang Clan Protect Ya Neck
10%
98 Common The Light
10%
93 ODB Brooklyn Zoo
9%
32 Slick Rick & Doug E Fresh La di da di
9%
36 Bone Thugs-N-Harmony Tha Crossroads
9%
67 Jay-Z ft. Mary Blige Can't Knock The Hustle
8%
16 Jay-Z Dead Presidents II
8%
90 Method Man ft. Mary J Blige All I Need
7%
31 Westside Connection Bow Down
7%
85 The Fugees Fu-Gee-La
7%
91 The Notorious B.I.G. Who Shot Ya
7%
78 The Game Dreams
6%
25 Talib Kweli Get By
6%
13 LL Cool J I Need Love
6%
18 Geto Boys Mind Playin' Tricks on Me
6%
24 Beastie Boys Paul Revere
6%
52 UGK Ridin' Dirty
6%
65 Mos Def Umi Says
6%
87 Ghostface Killah ft. Mary J Blige All That I Got Is You
4%
73 Fabolous Breathe
4%
66 Lauryn Hill Everything Is Everything
4%
79 Cypress Hill How I Could Just Kill A Man
4%
37 DMX Slippin'
4%
8 Audio Two Top Billin'
4%
12 Boogie Down Productions My Philosophy
3%
39 O.C. Time's Up
3%
57 DJ Quik Tonite
3%
99 The Roots What They Do
3%
51 Artifacts Wrong Side Of Da Tracks
3%
34 Gangstarr ft. Nice & Smooth Dwyck
2%
71 Big L Ebonics
2%
100 Da Brat Funkdafied
2%
59 Special Ed I Got It Made
2%
40 Scarface I Seen A Man Die
2%
5 Eric B & Rakim Lyrics of Fury
2%
75 Biz Markie Nobody Beats The Biz
2%
96 Junior M.A.F.I.A. Player's Anthem
2%
60 Big Daddy Kane Raw
2%
29 Brand Nubian Slow Down
2%
50 Marley Marl The Symphony
2%
95 Das EFX They Want EFX
2%
56 Black Moon Who Got Da Props
2%
64 Jadakiss Why
2%
97 Smif-N-Wessun Bucktown
1%
86 Ultramagnetic MC's Ego Trippin'
1%
89 GZA Fame
1%
92 Too $hort Freaky Tales
1%
49 Aasim Hip-Hop 101
1%
82 M.O.P. How About Some Hardcore
1%
35 Kool G Rap & DJ Polo Ill Street Blues
1%
58 Eminem Mosh
1%
23 MC Lyte Paper Thin
1%
83 Akrobatik Remind My Soul
1%
61 Slum Village Reunion
1%
46 Zion I ft. Talib Kweli Temperature
1%
68 Common The 6th Sense
1%
88 Xzibit What U See is What U Get
1%
No matching quizzes found
Score Distribution
Percent of People with Each Score
Percentile by Number Answered
Your Score History
You have not taken this quiz